Kto Zagrał na Euro 2024? #15: RUMUNIA - Statystyki

Ogólne statystyki
  • Ten quiz został rozwiązany 26 razy
  • Średni wynik to 6 z 11
Statystyki odpowiedzi
Pozycja Klub Zawodnik % Poprawnych
N Gaziantep Denis Dragus
83%
ŚP Damac Nicolae Stanciu
83%
ŚO Tottenham Radu Dragusin
74%
ŚP Pisa Marius Marin
70%
ŚPD Empoli Razvan Marin
70%
LP Alaves Ianis Hagi
65%
PP Parma Dennis Man
57%
BR Gaziantep Florin Nita
48%
PO Vallecano Andrei Ratiu
39%
LO Craiova Nicusor Bancu
26%
ŚO Al-Okhdood Andrei Burca
22%
Nie znaleziono quizów pasujących do podanych kryteriów
Rozkład punktacji
Procent ludzi z każdym wynikiem
Percentyl według liczby udzielonych odpowiedzi
Twoja historia wyników
Nie rozwiązałeś tego quizu